[Event "Berlin Lieb Memorial 5th"]
[Site "Berlin"]
[Date "2019.06.21"]
[Round "7"]
[White "Vachkov, Temi"]
[Black "Jugert, Ole"]
[Result "1/2-1/2"]
[WhiteElo "1794"]
[BlackElo "1729"]
[PlyCount "62"]
[EventDate "2019.05.03"]
[EventType "swiss"]
[EventRounds "7"]
[EventCountry "GER"]
[SourceTitle "EXT 2020"]
[Source "ChessBase"]
[SourceDate "2019.10.17"]
[SourceVersion "1"]
[SourceVersionDate "2019.10.17"]
[SourceQuality "1"]

1. Nf3 d5 2. g3 g6 3. c4 dxc4 4. Qa4+ Nc6 5. Qxc4 e5 6. d3 Be6 7. Qa4 h6 8. Nxe5 Qd5 9. Nf3 b5 10. Qd1 Rb8 11. Bg2 Bg7 12. 0-0 Qd7 13. Re1 Nf6 14. Nbd2 0-0 15. Nb3 Bh3 16. Bh1 Nd5 17. d4 f5 18. Ne5 Nxe5 19. dxe5 Nb6 20. Qxd7 Nxd7 21. f4 Rfd8 22. Be3 Nb6 23. Bxb6 cxb6 24. Red1 g5 25. e3 Bf8 26. Nd4 Bc5 27. Kf2 gxf4 28. gxf4 Be7 29. Nf3 Kf7 30. Rac1 Bg4 31. Rd4 Rdc8 1/2-1/2

[Event "Berlin Lieb Memorial 4th"]
[Site "Berlin"]
[Date "2018.05.31"]
[Round "3"]
[White "Vachkov, Temi"]
[Black "Zschaebitz, Klaus"]
[Result "0-1"]
[WhiteElo "1798"]
[BlackElo "2082"]
[PlyCount "80"]
[EventDate "2018.05.17"]
[EventType "swiss"]
[EventRounds "7"]
[EventCountry "GER"]
[SourceTitle "CBM 189 Extra"]
[Source "ChessBase"]
[SourceDate "2019.06.03"]
[SourceVersion "1"]
[SourceVersionDate "2019.06.03"]
[SourceQuality "1"]

1. Nf3 Nf6 2. g3 b6 3. d3 Bb7 4. c4 g6 5. Nc3 Bg7 6. Bg2 0-0 7. 0-0 d6 8. e4 c5 9. Bd2 Nc6 10. Nd5 Ne5 11. Nxf6+ exf6 12. Bc3 Qd7 13. Nxe5 dxe5 14. Qe2 Rad8 15. Rad1 Rfe8 16. g4 Bh6 17. f4 Bxf4 18. Rxf4 exf4 19. Bxf6 Qd6 20. Bxd8 Qxd8 21. Qf2 Bxe4 22. Qxf4 Qd4+ 23. Qf2 Qxf2+ 24. Kxf2 Bxg2 25. Kxg2 Re2+ 26. Kg3 Rxb2 27. d4 cxd4 28. Rxd4 Rxa2 29. h4 Kg7 30. Kf4 Ra5 31. g5 Rc5 32. Ke4 a5 33. Kd3 b5 34. cxb5 Rxb5 35. Ra4 h5 36. Kc4 Rb4+ 37. Rxb4 axb4 38. Kxb4 f6 39. Kc4 fxg5 40. hxg5 h4 0-1

[Event "Berlin Lieb Memorial 3rd"]
[Site "Berlin"]
[Date "2017.06.29"]
[Round "6"]
[White "Hasic, Mirza"]
[Black "Vachkov, Temi"]
[Result "1-0"]
[WhiteElo "2031"]
[BlackElo "1799"]
[PlyCount "67"]
[EventDate "2017.05.11"]
[EventType "swiss"]
[EventRounds "7"]
[EventCountry "GER"]
[SourceTitle "CBM 189 Extra"]
[Source "ChessBase"]
[SourceDate "2019.06.03"]
[SourceVersion "1"]
[SourceVersionDate "2019.06.03"]
[SourceQuality "1"]

1. d4 Nf6 2. Bg5 Ne4 3. Bf4 g6 4. f3 Nf6 5. e4 d6 6. Qd2 h5 7. Nc3 Nc6 8. 0-0-0 Bd7 9. e5 Ng8 10. exd6 cxd6 11. Qe3 Bh6 12. Nh3 Bxh3 13. gxh3 Qa5 14. d5 Ne5 15. Bb5+ Kd8 16. Bxh6 Nxh6 17. f4 Nf5 18. Qe2 Nd7 19. Bd3 Qb4 20. Rhf1 Nd4 21. Qe3 f5 22. Rfe1 Re8 23. Bf1 e5 24. fxe5 dxe5 25. Qg5+ Kc7 26. Qxg6 Rg8 27. Qxh5 Rh8 28. Qf7 Raf8 29. Qg7 a6 30. Qg3 Rfg8 31. Qf2 Rg5 32. Kb1 f4 33. Ne4 Qa4 34. Nxg5 1-0

[Event "Berlin Lieb Memorial 3rd"]
[Site "Berlin"]
[Date "2017.06.22"]
[Round "5"]
[White "Goelling, Stefan"]
[Black "Vachkov, Temi"]
[Result "0-1"]
[WhiteElo "1642"]
[BlackElo "1799"]
[PlyCount "90"]
[EventDate "2017.05.11"]
[EventType "swiss"]
[EventRounds "7"]
[EventCountry "GER"]
[SourceTitle "CBM 189 Extra"]
[Source "ChessBase"]
[SourceDate "2019.06.03"]
[SourceVersion "1"]
[SourceVersionDate "2019.06.03"]
[SourceQuality "1"]

1. e4 g6 2. Bc4 d6 3. Nf3 Nf6 4. e5 dxe5 5. Nxe5 e6 6. d4 Bg7 7. 0-0 0-0 8. Bg5 h6 9. Bh4 g5 10. Bg3 Ne4 11. Re1 Nxg3 12. fxg3 Nd7 13. Nxd7 Bxd7 14. c3 c5 15. dxc5 Qe7 16. b4 Rad8 17. Qb3 b6 18. cxb6 axb6 19. a4 Bc6 20. Ra2 Rd6 21. b5 Bb7 22. Rd2 Rxd2 23. Nxd2 Rd8 24. Ne4 Bxe4 25. Rxe4 Rd2 26. Re1 Qc5+ 27. Kh1 Qf2 28. Rg1 Bf8 29. Qb1 Bc5 30. Qf1 Qxg1+ 31. Qxg1 Bxg1 32. Kxg1 Rc2 33. Bb3 Rxc3 34. Ba2 Ra3 35. Bc4 Rxa4 36. Bf1 Ra1 37. Kf2 f5 38. Bc4 Kf7 39. h3 Kf6 40. h4 Ra4 41. hxg5+ hxg5 42. Be2 Ra2 43. Ke3 Ke5 44. Bf1 Rc2 45. Kd3 Rf2 0-1

[Event "Berlin Lieb Memorial 3rd"]
[Site "Berlin"]
[Date "2017.06.02"]
[Round "3"]
[White "Hoemke, Holger"]
[Black "Vachkov, Temi"]
[Result "0-1"]
[WhiteElo "1540"]
[BlackElo "1799"]
[PlyCount "52"]
[EventDate "2017.05.11"]
[EventType "swiss"]
[EventRounds "7"]
[EventCountry "GER"]
[SourceTitle "CBM 189 Extra"]
[Source "ChessBase"]
[SourceDate "2019.06.03"]
[SourceVersion "1"]
[SourceVersionDate "2019.06.03"]
[SourceQuality "1"]

1. c4 Nf6 2. d4 g6 3. Nc3 Bg7 4. e4 d6 5. Nf3 0-0 6. Be2 e5 7. d5 a5 8. h3 Na6 9. Be3 b6 10. 0-0 Nc5 11. Bd3 Nxd3 12. Qxd3 Nh5 13. Qd2 f5 14. exf5 Bxf5 15. Rad1 Bxh3 16. Bg5 Qd7 17. Nh2 Bf5 18. Qe2 Nf4 19. Bxf4 exf4 20. Qf3 Rae8 21. Rfe1 Rxe1+ 22. Rxe1 Re8 23. Rxe8+ Qxe8 24. Kf1 Qe5 25. Ng4 Qd4 26. Qe2 Bd3 0-1

[Event "Berlin Lieb Memorial 1st"]
[Site "Berlin"]
[Date "2015.06.18"]
[Round "5"]
[White "Vachkov, Temi"]
[Black "Zschaebitz, Klaus"]
[Result "1/2-1/2"]
[WhiteElo "1782"]
[BlackElo "2074"]
[PlyCount "113"]
[EventDate "2015.05.21"]
[EventType "swiss"]
[EventRounds "7"]
[EventCountry "GER"]
[SourceTitle "EXT 2022"]
[Source "ChessBase"]
[SourceDate "2021.10.06"]
[SourceVersion "1"]
[SourceVersionDate "2021.10.06"]
[SourceQuality "1"]

1. Nf3 Nf6 2. c4 e6 3. d3 c5 4. Nc3 Be7 5. g3 b6 6. e4 d6 7. Qa4+ Bd7 8. Qc2 Nc6 9. Bg2 Rc8 10. 0-0 h6 11. Be3 Ng4 12. Qd2 0-0 13. h3 Nxe3 14. Qxe3 Bf6 15. a3 Nd4 16. Rac1 a5 17. e5 Nxf3+ 18. Bxf3 Bg5 19. Qe2 Bxc1 20. Rxc1 Qg5 21. Re1 Qxe5 22. Qd2 Qg5 23. Qe2 f5 24. Nb5 Qe7 25. Bb7 Rb8 26. Bd5 Bxb5 27. cxb5 Rf6 28. Bxe6+ Kh8 29. Bd5 Qxe2 30. Rxe2 f4 31. g4 h5 32. f3 Kh7 33. gxh5 Kh6 34. Re7 Kxh5 35. Rxg7 Rg6+ 36. Rxg6 Kxg6 37. Kf2 Re8 38. b3 Re5 39. Bc6 Kg5 40. a4 Kh4 41. Bd7 Rd5 42. Ke2 Kg3 43. Kd2 Kxf3 44. Bc6 Kg3 45. Bxd5 Kxh3 46. Ke2 Kg4 47. Be4 Kg3 48. Bf3 Kh4 49. Kf2 Kg5 50. Be2 Kf5 51. Kf3 Ke5 52. Bf1 Kd4 53. Bh3 Kxd3 54. Be6 Kd4 55. Kxf4 d5 56. Kf3 c4 57. bxc4 1/2-1/2

[Event "Berlin Lieb Memorial 1st"]
[Site "Berlin"]
[Date "2015.06.04"]
[Round "3"]
[White "Vachkov, Temi"]
[Black "Simon, Ralf Axel"]
[Result "1-0"]
[WhiteElo "1782"]
[BlackElo "2129"]
[PlyCount "61"]
[EventDate "2015.05.21"]
[EventType "swiss"]
[EventRounds "7"]
[EventCountry "GER"]
[SourceTitle "EXT 2022"]
[Source "ChessBase"]
[SourceDate "2021.10.06"]
[SourceVersion "1"]
[SourceVersionDate "2021.10.06"]
[SourceQuality "1"]

1. Nf3 c5 2. g3 Nc6 3. Bg2 e5 4. d3 d5 5. 0-0 Nf6 6. c4 d4 7. Qa4 Bd7 8. a3 a5 9. e3 Bd6 10. Qc2 0-0 11. exd4 cxd4 12. Bg5 h6 13. Bxf6 Qxf6 14. Nbd2 Qd8 15. Rfe1 Re8 16. Rab1 b6 17. Re2 Rc8 18. Ne4 Bf8 19. Rbe1 Be6 20. Ned2 Bd6 21. Ne4 Bb8 22. Qa4 f5 23. Ned2 Bd7 24. Qb3 Kh7 25. h4 Bc7 26. Nf1 Qf6 27. N1d2 Qf7 28. Nh2 Qf8 29. Bd5 Qc5 30. Qb5 Qxb5 31. cxb5 1-0

[Event "Zehlendorf op 14th"]
[Site "Berlin"]
[Date "2014.06.05"]
[Round "4"]
[White "Vachkov, Temi"]
[Black "Gerisch, Hans Dieter"]
[Result "1-0"]
[WhiteElo "1776"]
[BlackElo "1557"]
[PlyCount "69"]
[EventDate "2014.05.08"]
[EventType "swiss"]
[EventRounds "7"]
[EventCountry "GER"]
[SourceTitle "EXT 2023"]
[Source "ChessBase"]
[SourceDate "2022.10.05"]
[SourceVersion "1"]
[SourceVersionDate "2022.10.05"]
[SourceQuality "1"]

1. d4 d5 2. e4 dxe4 3. f3 Bf5 4. Bc4 Nf6 5. c3 e6 6. Bg5 Be7 7. Nd2 Nbd7 8. Qe2 exf3 9. Ngxf3 Nb6 10. Bb3 h6 11. Bh4 Nfd7 12. Bxe7 Qxe7 13. 0-0 0-0 14. Rae1 c6 15. Ne5 Nxe5 16. Qxe5 Bg6 17. Rf3 Nd7 18. Qg3 Nf6 19. Bxe6 fxe6 20. Qxg6 Rf7 21. Rfe3 Qf8 22. Rxe6 Re8 23. Qxf6 Rxf6 24. Rxe8 Qxe8 25. Rxe8+ Kf7 26. Re2 b6 27. Rf2 Rxf2 28. Kxf2 Ke6 29. c4 Kf5 30. Kf3 a6 31. g4+ Ke6 32. Ke4 b5 33. b3 g6 34. h3 Kd6 35. Nf3 1-0

[Event "Zehlendorf op 14th"]
[Site "Berlin"]
[Date "2014.05.08"]
[Round "1"]
[White "Paulsen, Dirk"]
[Black "Vachkov, Temi"]
[Result "1-0"]
[WhiteElo "2300"]
[BlackElo "1776"]
[PlyCount "85"]
[EventDate "2014.05.08"]
[EventType "swiss"]
[EventRounds "7"]
[EventCountry "GER"]
[SourceTitle "EXT 2023"]
[Source "ChessBase"]
[SourceDate "2022.10.05"]
[SourceVersion "1"]
[SourceVersionDate "2022.10.05"]
[SourceQuality "1"]

1. e4 g6 2. d4 Bg7 3. Nc3 d6 4. Nge2 Nf6 5. g3 0-0 6. Bg2 c5 7. h3 cxd4 8. Nxd4 Nc6 9. Nde2 Bd7 10. 0-0 Rc8 11. Be3 b6 12. b3 Nb4 13. Qd2 Rc7 14. Rac1 Qc8 15. Kh2 b5 16. a3 Na6 17. Bd4 e5 18. Be3 b4 19. axb4 Nxb4 20. Qxd6 Rxc3 21. Nxc3 a5 22. Bb6 Rd8 23. Nd5 Nfxd5 24. exd5 Bf8 25. Qc7 Bf5 26. d6 e4 27. Rfd1 Bd7 28. Bxa5 Nc6 29. Qxc8 Rxc8 30. Bc7 f5 31. Bf1 Ne5 32. Be2 g5 33. b4 f4 34. b5 f3 35. Bf1 g4 36. Rd5 Nf7 37. Bc4 Kg7 38. b6 Nxd6 39. Bxd6 Ba4 40. b7 Re8 41. b8Q Rxb8 42. Bxb8 e3 43. fxe3 1-0

[Event "Zehlendorf op"]
[Site "Berlin"]
[Date "2010.06.03"]
[Round "4"]
[White "Vachkov, Temi"]
[Black "Moeller, Dirk Halvard"]
[Result "1-0"]
[WhiteElo "1791"]
[BlackElo "1621"]
[PlyCount "68"]
[EventDate "2010.05.06"]
[EventType "swiss"]
[EventRounds "7"]
[EventCountry "GER"]
[SourceTitle "EXT 2022"]
[Source "ChessBase"]
[SourceDate "2021.10.06"]
[SourceVersion "1"]
[SourceVersionDate "2021.10.06"]
[SourceQuality "1"]

1. d4 f5 2. h3 Nf6 3. g4 fxg4 4. hxg4 Nxg4 5. Qd3 e6 6. Rxh7 Qf6 7. Nf3 Rxh7 8. Qxh7 Qf7 9. Be3 Nc6 10. Nc3 d6 11. 0-0-0 Bd7 12. d5 Nce5 13. dxe6 Bxe6 14. Ng5 Qf5 15. Qxf5 Bxf5 16. Bd4 g6 17. f3 Nf6 18. e4 Bc8 19. Nb5 Rb8 20. Bxa7 Nc6 21. Bxb8 Nxb8 22. Nxc7+ Ke7 23. Bc4 Bh6 24. Rg1 Nc6 25. Nd5+ Nxd5 26. Bxd5 Ne5 27. Kd1 Kf6 28. f4 Ng4 29. Bxb7 Ne3+ 30. Ke2 Bxb7 31. Kxe3 d5 32. exd5 Bxd5 33. b3 Bf8 34. Nh7+ Kf7 1-0